<?xml version="1.0" encoding="UTF-8"?>
<collection xmlns="http://www.loc.gov/MARC21/slim">
 <record>
  <leader>01828cam a2200349 a 4500</leader>
  <controlfield tag="001">1/44518</controlfield>
  <controlfield tag="008">140526s2013    nyu      b    000 0 eng  </controlfield>
  <datafield tag="020" ind1=" " ind2=" ">
   <subfield code="a">9783642538506</subfield>
  </datafield>
  <datafield tag="035" ind1=" " ind2=" ">
   <subfield code="l">47470</subfield>
  </datafield>
  <datafield tag="040" ind1=" " ind2=" ">
   <subfield code="a">DLC</subfield>
   <subfield code="b">eng</subfield>
   <subfield code="c">DLC</subfield>
   <subfield code="e">rda</subfield>
   <subfield code="d">GR-PeUP</subfield>
  </datafield>
  <datafield tag="082" ind1="0" ind2="0">
   <subfield code="a">005.4΄28 ΑΛΕ</subfield>
  </datafield>
  <datafield tag="100" ind1="1" ind2=" ">
   <subfield code="a">Αλέπης, Ευθύμιος.</subfield>
  </datafield>
  <datafield tag="245" ind1="1" ind2="0">
   <subfield code="a">Object-oriented user interfaces for personalized mobile learning /</subfield>
   <subfield code="c">Efthimios Alepis, Maria Virvou.</subfield>
  </datafield>
  <datafield tag="260" ind1=" " ind2="1">
   <subfield code="a">New York :</subfield>
   <subfield code="b">Springer,</subfield>
   <subfield code="c">2014.</subfield>
  </datafield>
  <datafield tag="300" ind1=" " ind2=" ">
   <subfield code="a">xi, 129 σ. ;</subfield>
   <subfield code="c">23 εκ.</subfield>
  </datafield>
  <datafield tag="490" ind1="1" ind2=" ">
   <subfield code="a">Intelligent Systems Reference Library ;</subfield>
  </datafield>
  <datafield tag="500" ind1=" " ind2=" ">
   <subfield code="a">Περιέχει βιβλιογραφία.</subfield>
  </datafield>
  <datafield tag="650" ind1=" " ind2="4">
   <subfield code="a">User interfaces (computer systems).</subfield>
  </datafield>
  <datafield tag="650" ind1=" " ind2="4">
   <subfield code="a">Object-oriented methods (Computer science).</subfield>
  </datafield>
  <datafield tag="700" ind1="1" ind2=" ">
   <subfield code="a">Βίρβου, Μαρία.</subfield>
  </datafield>
  <datafield tag="830" ind1=" " ind2="2">
   <subfield code="a">Intelligent Systems Reference Library ;</subfield>
   <subfield code="v">64</subfield>
  </datafield>
  <datafield tag="852" ind1=" " ind2=" ">
   <subfield code="a">INST</subfield>
   <subfield code="b">UNIPILB</subfield>
   <subfield code="c">MAIN</subfield>
   <subfield code="e">20140526</subfield>
   <subfield code="h">005.4΄28 ΑΛΕ</subfield>
   <subfield code="p">00171132</subfield>
   <subfield code="q">00171132</subfield>
   <subfield code="t">PLH</subfield>
   <subfield code="y">0</subfield>
   <subfield code="4">1</subfield>
  </datafield>
  <datafield tag="852" ind1=" " ind2=" ">
   <subfield code="a">INST</subfield>
   <subfield code="b">UNIPILB</subfield>
   <subfield code="c">MAIN</subfield>
   <subfield code="e">20140526</subfield>
   <subfield code="h">005.4΄28 ΑΛΕ</subfield>
   <subfield code="p">00171133</subfield>
   <subfield code="q">00171133</subfield>
   <subfield code="t">PLH</subfield>
   <subfield code="y">0</subfield>
   <subfield code="4">2</subfield>
  </datafield>
  <datafield tag="852" ind1=" " ind2=" ">
   <subfield code="a">INST</subfield>
   <subfield code="b">UNIPILB</subfield>
   <subfield code="c">MAIN</subfield>
   <subfield code="e">20140526</subfield>
   <subfield code="h">005.4΄28 ΑΛΕ</subfield>
   <subfield code="p">00171134</subfield>
   <subfield code="q">00171134</subfield>
   <subfield code="t">PLH</subfield>
   <subfield code="y">0</subfield>
   <subfield code="4">3</subfield>
  </datafield>
  <datafield tag="852" ind1=" " ind2=" ">
   <subfield code="a">INST</subfield>
   <subfield code="b">UNIPILB</subfield>
   <subfield code="c">MAIN</subfield>
   <subfield code="e">20140526</subfield>
   <subfield code="h">005.4΄28 ΑΛΕ</subfield>
   <subfield code="p">00171135</subfield>
   <subfield code="q">00171135</subfield>
   <subfield code="t">PLH</subfield>
   <subfield code="y">0</subfield>
   <subfield code="4">4</subfield>
  </datafield>
  <datafield tag="852" ind1=" " ind2=" ">
   <subfield code="a">INST</subfield>
   <subfield code="b">UNIPILB</subfield>
   <subfield code="c">MAIN</subfield>
   <subfield code="e">20140526</subfield>
   <subfield code="h">005.4΄28 ΑΛΕ</subfield>
   <subfield code="p">00171136</subfield>
   <subfield code="q">00171136</subfield>
   <subfield code="t">PLH</subfield>
   <subfield code="y">0</subfield>
   <subfield code="4">5</subfield>
  </datafield>
  <datafield tag="852" ind1=" " ind2=" ">
   <subfield code="a">INST</subfield>
   <subfield code="b">UNIPILB</subfield>
   <subfield code="c">MAIN</subfield>
   <subfield code="e">20140526</subfield>
   <subfield code="h">005.4΄28 ΑΛΕ</subfield>
   <subfield code="p">00171137</subfield>
   <subfield code="q">00171137</subfield>
   <subfield code="t">PLH</subfield>
   <subfield code="y">0</subfield>
   <subfield code="4">6</subfield>
  </datafield>
  <datafield tag="852" ind1=" " ind2=" ">
   <subfield code="a">INST</subfield>
   <subfield code="b">UNIPILB</subfield>
   <subfield code="c">MAIN</subfield>
   <subfield code="e">20140526</subfield>
   <subfield code="h">005.4΄28 ΑΛΕ</subfield>
   <subfield code="p">00171138</subfield>
   <subfield code="q">00171138</subfield>
   <subfield code="t">PLH</subfield>
   <subfield code="y">0</subfield>
   <subfield code="4">7</subfield>
  </datafield>
  <datafield tag="852" ind1=" " ind2=" ">
   <subfield code="a">INST</subfield>
   <subfield code="b">UNIPILB</subfield>
   <subfield code="c">MAIN</subfield>
   <subfield code="e">20140526</subfield>
   <subfield code="h">005.4΄28 ΑΛΕ</subfield>
   <subfield code="p">00171139</subfield>
   <subfield code="q">00171139</subfield>
   <subfield code="t">PLH</subfield>
   <subfield code="y">0</subfield>
   <subfield code="4">8</subfield>
  </datafield>
  <datafield tag="852" ind1=" " ind2=" ">
   <subfield code="a">INST</subfield>
   <subfield code="b">UNIPILB</subfield>
   <subfield code="c">MAIN</subfield>
   <subfield code="e">20140526</subfield>
   <subfield code="h">005.4΄28 ΑΛΕ</subfield>
   <subfield code="p">00171140</subfield>
   <subfield code="q">00171140</subfield>
   <subfield code="t">PLH</subfield>
   <subfield code="y">0</subfield>
   <subfield code="4">9</subfield>
  </datafield>
  <datafield tag="852" ind1=" " ind2=" ">
   <subfield code="a">INST</subfield>
   <subfield code="b">UNIPILB</subfield>
   <subfield code="c">MAIN</subfield>
   <subfield code="e">20140526</subfield>
   <subfield code="h">005.4΄28 ΑΛΕ</subfield>
   <subfield code="p">00171141</subfield>
   <subfield code="q">00171141</subfield>
   <subfield code="t">PLH</subfield>
   <subfield code="y">0</subfield>
   <subfield code="4">10</subfield>
  </datafield>
  <datafield tag="856" ind1="4" ind2=" ">
   <subfield code="d">/webopac/covers/03/47470_9783642538506.jpg</subfield>
  </datafield>
 </record>
</collection>
